Drapeaux d'Afrique - Quiz - Statistiques

Statistiques générales
  • Ce quiz a été pris 146 658 fois
  • Le résultat moyen est 32 sur 54
Statistiques - réponses
Par images Réponse % Correct
Afrique du Sud
99%
Algérie
96%
Tunisie
94%
Égypte
92%
Kenya
86%
Nigeria
85%
Maroc
83%
Côte d'Ivoire
82%
Angola
80%
Sénégal
76%
Cameroun
72%
Mauritanie
71%
République démocratique du Congo
71%
Tanzanie
71%
Ouganda
70%
Liberia
69%
Seychelles
69%
Mali
66%
Cap-Vert
65%
Comores
65%
Madagascar
65%
Somalie
65%
Éthiopie
64%
Tchad
62%
Libye
61%
Niger
59%
Ghana
58%
Soudan
58%
Burkina Faso
57%
Eswatini
56%
Burundi
54%
Gabon
52%
Malawi
52%
Togo
52%
Bénin
51%
Lesotho
50%
Mozambique
50%
République du Congo
50%
République Centrafricaine
48%
Soudan du Sud
48%
Guinée
47%
Zambie
46%
Zimbabwe
46%
Érythrée
45%
Botswana
44%
Djibouti
42%
Rwanda
40%
Maurice
39%
Sierra Leone
39%
Guinée-Bissau
37%
Guinée équatoriale
36%
Namibie
36%
Gambie
33%
Sao Tomé-et-Principe
33%
Aucun quiz correspondant
Distribution des résultats
% des personnes avec chaque résultat
Percentile par nombre de réponses
Votre historique - résultats
Vous n’avez pas pris ce quiz